Handbook of plant cell culture (Record no. 1208544)

MARC details
000 -LEADER
fixed length control field 01165nam a2200361Ia 4500
003 - CONTROL NUMBER IDENTIFIER
control field OSt
005 - DATE AND TIME OF LATEST TRANSACTION
control field 20221007121210.0
008 - FIXED-LENGTH DATA ELEMENTS--GENERAL INFORMATION
fixed length control field 221006b |||||||| |||| 00| 0 eng d
020 ## - INTERNATIONAL STANDARD BOOK NUMBER
International Standard Book Number 8186535650 (pbk)
037 ## - SOURCE OF ACQUISITION
Terms of availability Textual
040 ## - CATALOGING SOURCE
Original cataloging agency BDL
Transcribing agency BDL
Language of cataloging eng
041 ## - LANGUAGE CODE
Source of code eng
Language code of text/sound track or separate title eng
100 ## - MAIN ENTRY--PERSONAL NAME
Personal name Ammirato Philip V Ed.
9 (RLIN) 710978
245 #0 - TITLE STATEMENT
Title Handbook of plant cell culture
Remainder of title Evans David A Ed. Sharp Williuam R Ed. Yamada Yasuyuki Ed.
260 ## - PUBLICATION, DISTRIBUTION, ETC.
Place of publication, distribution, etc. Banglore
Name of publisher, distributor, etc. Panima publishing
Date of publication, distribution, etc. 2009
300 ## - PHYSICAL DESCRIPTION
Extent xii; 620p.
Dimensions cm.
490 ## - SERIES STATEMENT
Volume/sequential designation Vol.3
500 ## - GENERAL NOTE
General note Index 607-620p.
650 ## - SUBJECT ADDED ENTRY--TOPICAL TERM
Topical term or geographic name entry element Cereals
9 (RLIN) 710979
650 ## - SUBJECT ADDED ENTRY--TOPICAL TERM
Topical term or geographic name entry element Crop species
9 (RLIN) 710980
650 ## - SUBJECT ADDED ENTRY--TOPICAL TERM
Topical term or geographic name entry element Plant cell culture
650 ## - SUBJECT ADDED ENTRY--TOPICAL TERM
Topical term or geographic name entry element Temprate fruits
9 (RLIN) 710981
650 ## - SUBJECT ADDED ENTRY--TOPICAL TERM
Topical term or geographic name entry element Botany
700 ## - ADDED ENTRY--PERSONAL NAME
Personal name Evans David A Ed.
9 (RLIN) 710982
700 ## - ADDED ENTRY--PERSONAL NAME
Personal name Sharp Williuam R Ed.
9 (RLIN) 710983
700 ## - ADDED ENTRY--PERSONAL NAME
Personal name Yamada Yasuyuki Ed.
9 (RLIN) 710984
942 ## - ADDED ENTRY ELEMENTS (KOHA)
Classification part I,11:11g, P9.3 Carb
Koha item type Textual
Source of classification or shelving scheme Colon Classification (CC)
Holdings
Withdrawn status Lost status Source of classification or shelving scheme Damaged status Not for loan Home library Current library Date acquired Serial Enumeration / chronology Total Checkouts Full call number Barcode Date last seen Price effective from Koha item type
    Colon Classification (CC)     Department of Botany Library Department of Botany Library 2022-10-07 Vol.3   I,11:11g P9.3 Carb BD0005605 2022-10-07 2022-10-07 Textual
Copyright @ Delhi University Library System